Materials for a flora of the Malayan Peninsula

Bibliographic Details
Main Author: RIDLEY Henry Nicholas] 1855-
Format: Book
Published: Singapore : Printed at the Methodist Pub. House , 1907
Subjects:

MARC

LEADER 00000cam a2200000 7i4500
001 0000001250
005 20140329.0
090 0 0 |a R581.95951   |b RID 1907 
100 1 0 |a RIDLEY   |h H. N. [  |q Henry Nicholas]   |c 1855- 
245 1 0 |a Materials for a flora of the Malayan Peninsula   |c by H.N. Ridley 
260 0 0 |a Singapore :   |b Printed at the Methodist Pub. House ,   |c 1907 
300 |a Parts II & III ;   |c 25 cm. 
650 0 0 |a Botany   |z Peninsular Malaysia 
998 |a JPSM 
999 |a 0000003013   |b Monograph   |c Reference   |e Default branch 
999 |a 0000003014   |b Monograph   |c Reference   |e Default branch